| 000 | 00925cac a22002531u 4500 | ||
|---|---|---|---|
| 008 | 081104t1991 xxu||||| |||| 00| 0 eng d | ||
| 010 | _a90024843 | ||
| 020 | _a0809477076 (trade) | ||
| 020 | _a0809477084 (lib. bdg.) | ||
| 082 | 0 | 0 | _a150 |
| 245 | 0 | 4 |
_aThe Mystifying mind / _cby the editors of Time-Life Books. |
| 260 |
_aAlexandria, Va. : _bTime-Life Books, _cc1991. |
||
| 300 |
_a144 p. : _bill. ; _c29 cm. |
||
| 440 | 0 |
_aLibrary of curious and unusual facts _99004 |
|
| 504 | _aIncludes bibliographical references (p. 137-139) and index. | ||
| 650 | 0 |
_aIntellect. _99005 |
|
| 650 | 0 |
_aGenius. _99006 |
|
| 650 | 0 |
_aMemory. _99007 |
|
| 650 | 0 |
_aCreative ability. _99008 |
|
| 650 | 0 |
_aBrain. _99009 |
|
| 710 | 2 |
_aTime-Life Books. _99010 |
|
| 942 |
_cBB _2ddc |
||
| 999 |
_c5135 _d5135 |
||